000 00505nam a22001937a 4500
003 OSt
008 250221b |||||||| |||| 00| 0 eng d
020 _a81-7029-980-2
041 _aeng
082 _a004.6
_bCHE/MC
100 _aChellis, James
_97210
245 _aMCSE:
_bNetworking Essentials Study Guide
250 _a2nd and 1st Indian
260 _aNew Delhi:
_bBPB Publications,
_c1998 .
300 _a683p.
700 _aPerkins, Charles
_97211
700 _aStrebe, Mathew
_97212
942 _cBK
999 _c19428
_d19428